00532nam a22001817a 450000500170000000800410001702000180005804000210007604100080009708200130010510000260011824500800014425000120022426000340023630000100027065000450028070000250032520260515115123.0260316b |||||||| |||| 00| 0 eng d a9789347492402 aIN-DiNCcIN-DiNC dasm a320bGOH aGohain, Nabineauthor aSamasamayik rajnaitik arthaniti (Major13)/cby Nabin Gohain and Pankaj Bora a1st ed. aJorhat:bBidya bhawan,c2026. a376p. aContemporary political economy (Major13) aBora, Pankajeauthor